000
00206 a2200097 4500
001
3892
100
_a
Reyner, J.H
245
_a
Television theory & practice
260
_a
_b
Chapman
_c
090
_c
3122
_d
3122
942
_a
NUST-CAE
_c
M
_c
23581
999
_c
238965
_d
238965